Guía para la caficultura ecológica : (Registro nro. 3258)
[ vista simple ]
| 000 -CABECERA | |
|---|---|
| Campo de control | 00967nam a2200265 a 4500 |
| 005 - FECHA Y HORA DE LA ULTIMA TRANSACCION | |
| Campo de control | 20171010120954.0 |
| 008 - ELEMENTOS DE LONGITUD FIJA—INFORMACION GENERAL | |
| Campo de control | 140310b1996 pe ao|||r|||| 00| 0 spa d |
| 040 ## - FUENTE DE CATALOGACIÓN | |
| Agencia catalogadora original | CO-BoIAVH |
| Agencia transcriptora | CO-BoIAVH |
| 041 0# - IDIOMA | |
| Código de idioma para texto/pista de sonido o título separado | Español |
| 044 ## - PAÍS DE PUBLICACIÓN | |
| País de publicación | Perú |
| 082 04 - NUMERO DE CLASIFICACION DECIMAL DEWEY | |
| Número de clasificación | 633.73 |
| Número del ítem | F475g |
| 090 ## - CLASIFICACIÓN LOCAL | |
| Colección | LB |
| Consecutivo | 03019 |
| 100 1# - ASIENTO PRINCIPAL--NOMBRE PERSONAL | |
| Nombre personal | Figueroa Zevallos, Raúl |
| Término relacionado | autor |
| 9 (RLIN) | 19181 |
| 245 10 - MENCION DE TITULO | |
| Título | Guía para la caficultura ecológica : |
| Parte restante del título | café orgánico / |
| Mención de responsabilidad | Raúl Figueroa Zevallos, Beatriz Fischersworring y Robert Rosskamp Ripken |
| 260 ## - PUBLICACION, DISTRIBUCION, ETC. (PIE DE IMPRENTA) | |
| Lugar de publicación, distribución, etc. | Lima (Perú) : |
| Nombre del editor, distribuidor, etc. | GTZ, |
| Fecha de publicación, distribución, etc. | 1996. |
| 300 ## - DESCRIPCION FISICA | |
| Extensión | 176 páginas : |
| Otros detalles físicos | ilustraciones (algunas a color) y fotografías a color ; |
| Dimensiones | 30 x 21 cm. |
| 650 26 - ASIENTO SECUNDARIO DE MATERIA - TERMINO TEMATICO | |
| Término temático o nombre geográfico como elemento de entrada | Agricultura alternativa |
| 9 (RLIN) | 86063 |
| 650 16 - ASIENTO SECUNDARIO DE MATERIA - TERMINO TEMATICO | |
| Término temático o nombre geográfico como elemento de entrada | Café |
| Subdivisión general | Cultivo |
| Subdivisión de forma | Guías |
| 9 (RLIN) | 86064 |
| 650 26 - ASIENTO SECUNDARIO DE MATERIA - TERMINO TEMATICO | |
| Término temático o nombre geográfico como elemento de entrada | Café |
| Subdivisión general | Viveros |
| 9 (RLIN) | 86065 |
| 650 26 - ASIENTO SECUNDARIO DE MATERIA - TERMINO TEMATICO | |
| Término temático o nombre geográfico como elemento de entrada | Conservación de suelos |
| 9 (RLIN) | 86066 |
| 662 ## - ASIENTO SECUNDARIO DE MATERIA - JERARQUIA DEL NOMBRE DE LUGAR( | |
| País o entidad mayor | Perú |
| 700 1# - ASIENTO SECUNDARIO - NOMBRE PERSONAL | |
| Nombre personal | Fischersworring Hömberg, Beatriz |
| Término de relación | autora |
| 9 (RLIN) | 19186 |
| 700 1# - ASIENTO SECUNDARIO - NOMBRE PERSONAL | |
| Nombre personal | Rosskamp Ripken, Robert |
| Término de relación | autor |
| 9 (RLIN) | 19187 |
| 942 ## - ELEMENTOS ADICIONALES (KOHA) | |
| Tipo de ítem | Mapa |
| Sistema de clasificación | Dewey Decimal Classification |
| Withdrawn status | Lost status | Sistema de Clasificación | Damaged status | No para préstamo | Colección | Inventariado | Ubicación Permanente | Ubicación actual | Fecha de adquisición | Fuente de Valor | Valor | Total Checkouts | Número topográfico | Inventario / Código de Barras | Date last seen | Ejemplar | Price effective from | Forma de adquisición | Tipo de material |
|---|---|---|---|---|---|---|---|---|---|---|---|---|---|---|---|---|---|---|---|
| Dewey Decimal Classification | General | Inventariado 2017 | Sala Fabio Quevedo | Sala Fabio Quevedo | 14/04/2003 | Instituto | 39000.00 | LB-633.73 F475g | 005255 | 04/12/2012 | Ej. 1 | 04/12/2012 | Donación | Libro |